| 000 | 00728nam a2200193 i 4500 | ||
|---|---|---|---|
| 001 | 55440 | ||
| 003 | ES-MaACL | ||
| 005 | 20230906163139.0 | ||
| 007 | t| | ||
| 008 | 030919s1951 sp ||||1| spa d | ||
| 100 | 1 |
_aDerisi, Octavio Nicolás. _943773 |
|
| 245 | 1 | 4 |
_aLos fundamentos metafísicos del orden moral / _cOctavio Nicolás Derisi ; prólogo de tomás D. Casares. |
| 260 |
_aMadrid : _bInstituto Luis Vives de Filosofía, _c1951 ( _fTejario) |
||
| 300 |
_a567 p. ; _c24 cm. |
||
| 500 | _aPrecede al tít.: Consejo Superior de Investigaciones Científicas. | ||
| 700 | 1 |
_aCasares, Tomás D. _936161 |
|
| 710 | 2 |
_aConsejo Superior de Investigaciones Científicas (España) _93236 |
|
| 852 |
_aES-MaACL _jC-5733 _bR.35220 |
||
| 999 |
_c55440 _d55440 |
||